| 000 | 00643cam a2200145 4500500 | ||
|---|---|---|---|
| 005 | 20251228052419.0 | ||
| 041 | _afre | ||
| 042 | _adc | ||
| 100 | 1 | 0 |
_aGaillard, Gérald _eauthor |
| 245 | 0 | 0 | _aFORREST, Joshua B. — Lineages of State Fragility. Rural Civil Society in Guinea-Bissau. Athens, Ohio University Press ; Oxford, James Currey (« Western African Studies »), 2003, 312 p. |
| 260 | _c2005. | ||
| 500 | _a51 | ||
| 786 | 0 | _nCahiers d'études africaines | 178 | 2 | 2005-06-01 | p. 585f-620f | 0008-0055 | |
| 856 | 4 | 1 | _uhttps://shs.cairn.info/revue-cahiers-d-etudes-africaines-2005-2-page-585f?lang=fr&redirect-ssocas=7080 |
| 999 |
_c1583502 _d1583502 |
||